Φύλο και δίκαιο : η προβληματική της βαρύτητας των νομικών ρυθμίσεων στις έμφυλες κοινωνικές σχέσεις
Αποθηκεύτηκε σε:
| Κύριος συγγραφέας: | |
|---|---|
| Μορφή: | Βιβλίο |
| Γλώσσα: | Greek |
| Δημοσίευση: |
Αθήνα :
Παπαζήσης,
1996
|
| Θέματα: | |
| Ετικέτες: |
Προσθήκη ετικέτας
Δεν υπάρχουν, Καταχωρήστε ετικέτα πρώτοι!
|
MARC
| LEADER | 00000cam a2200000 i 4500 | ||
|---|---|---|---|
| 001 | 1/104288 | ||
| 008 | 090415s1996 gre d | ||
| 020 | |a 960-02-1192-2 | ||
| 035 | |l 10104361 | ||
| 040 | |a GR-MY-UA |b gre |e aacr | ||
| 041 | 0 | |a gre | |
| 082 | 0 | |a 305.42 |2 (22) | |
| 100 | 1 | |a Κραβαρίτου, Γιώτα. | |
| 245 | 1 | 0 | |a Φύλο και δίκαιο : |b η προβληματική της βαρύτητας των νομικών ρυθμίσεων στις έμφυλες κοινωνικές σχέσεις / |c Γιώτα Κραβαρίτου |
| 260 | |a Αθήνα : |b Παπαζήσης, |c 1996 | ||
| 300 | |a 252 σ.; |c 21 εκ. | ||
| 504 | |a Βιβλιογραφία: σ. [221]-240 | ||
| 504 | |a Ευρετήριο: σ. [241]-252 | ||
| 650 | 0 | 0 | |a Sex and law. |
| 650 | 0 | 0 | |a Women |x Legal status, laws, etc. |
| 650 | 0 | 0 | |a Women's rights. |
| 650 | 0 | 0 | |a Feminism. |
| 852 | |a INST |b LESVOS |e 20090415 |h 305.42 ΚΡΑ |p 005100044796 |q 005100044796 |t BK |y 0 | ||
| 852 | |a INST |b RHODES |c EUDOXUS |e 20140520 |h 305.42 ΚΡΑ |p 005400036517 |q 005400036517 |t EDX |y 0 | ||
| 901 | |a BIBL1-2009-1 | ||
| 901 | |a BIBL4-2014-2 | ||
| 909 | |a Λ |b 141282 | ||
| 909 | |a Ρ |b 183019 | ||
| 920 | |a Εύδοξος |b Παραγγελία |y Ρόδος-ΠΤΔΕ |z 2014-05 | ||
| 970 | |a Γιαλαμά |b Μαρία |z 2009/04/15 | ||